[Event "FRA-ch Railways-B"]
[Site "Soulac sur Mer"]
[Date "2015.05.26"]
[Round "5"]
[White "Tireau, Jean Marie"]
[Black "Gomez, Antoine"]
[Result "1/2-1/2"]
[WhiteElo "1616"]
[BlackElo "1838"]
[PlyCount "37"]
[EventDate "2015.05.26"]
[EventType "swiss"]
[EventRounds "7"]
[EventCountry "FRA"]
[SourceTitle "EXT 2016"]
[Source "ChessBase"]
[SourceDate "2015.10.08"]
[SourceVersion "1"]
[SourceVersionDate "2015.10.08"]
[SourceQuality "1"]

1. Nf3 d5 2. c4 d4 3. g3 Nc6 4. Bg2 e5 5. d3 Bd6 6. 0-0 Nge7 7. a3 a5 8. b3 0-0 9. e3 Bg4 10. h3 Bh5 11. g4 Bg6 12. Nh4 Rb8 13. f4 exf4 14. exf4 f5 15. Nxg6 hxg6 16. g5 Na7 17. b4 c5 18. b5 Nac8 19. Ra2 1/2-1/2